|
|
|
|
| LEADER |
02450nam a2200577 a 4500 |
| 001 |
nkc20071759939 |
| 003 |
CZ PrNK |
| 005 |
20080122172957.0 |
| 007 |
ta |
| 008 |
071026s2007 xr f 000 0 cze |
| 015 |
|
|
|a cnb001759939
|
| 020 |
|
|
|a 978-80-244-1738-7
|q (brož.) :
|c neprodejné
|
| 035 |
|
|
|a (OCoLC)228498954
|
| 040 |
|
|
|a ABA001
|b cze
|d BOA001
|
| 041 |
0 |
|
|a cze
|a slo
|
| 072 |
|
7 |
|a 37
|x Výchova a vzdělávání
|2 Konspekt
|9 22
|
| 080 |
|
|
|a 316.344.6-056.262-053.2
|2 MRF
|
| 080 |
|
|
|a 316.344.6-056.26/.3-053.2
|2 MRF
|
| 080 |
|
|
|a 37.043.2
|2 MRF
|
| 080 |
|
|
|a 316.772-028.82
|2 MRF
|
| 080 |
|
|
|a 373.3
|2 MRF
|
| 080 |
|
|
|a (082)
|2 MRF
|
| 245 |
0 |
0 |
|a Integrace zrakově a kombinovaně postižených žáků :
|b sborník příspěvků z kurzu Pokračující kurz pro učitele vzdělávající integrované zrakově postižené dítě na ZŠ v Olomouckém kraji /
|c Veronika Růžičková (ed.)
|
| 246 |
3 |
0 |
|a Pokračující kurz pro učitele vzdělávající integrované zrakově postižené dítě na ZŠ v Olomouckém kraji
|
| 250 |
|
|
|a 1. vyd.
|
| 260 |
|
|
|a Olomouc :
|b Univerzita Palackého v Olomouci,
|c 2007
|
| 300 |
|
|
|a 137 s. ;
|c 21 cm
|
| 490 |
1 |
|
|a Sborníky
|
| 500 |
|
|
|a Nad názvem: Univerzita Palackého v Olomouci, Pedagogická fakulta
|
| 504 |
|
|
|a Obsahuje bibliografie a bibliografické odkazy
|
| 546 |
|
|
|a Část. slovenský text
|
| 650 |
0 |
7 |
|a děti se zrakovým postižením
|7 ph116790
|2 czenas
|
| 650 |
0 |
7 |
|a děti s kombinovaným postižením
|7 ph119711
|2 czenas
|
| 650 |
0 |
7 |
|a integrovaná výchova a vzdělávání
|7 ph121132
|2 czenas
|
| 650 |
0 |
7 |
|a alternativní a augmentativní komunikace
|7 ph221973
|2 czenas
|
| 650 |
0 |
7 |
|a základní školy
|7 ph116795
|2 czenas
|
| 650 |
0 |
9 |
|a children with visual disabilities
|2 eczenas
|
| 650 |
0 |
9 |
|a children with combined disabilities
|2 eczenas
|
| 650 |
0 |
9 |
|a integrated education
|2 eczenas
|
| 650 |
0 |
9 |
|a alternative and augmentative communication
|2 eczenas
|
| 650 |
0 |
9 |
|a elementary schools
|2 eczenas
|
| 655 |
|
7 |
|a sborníky
|7 fd163935
|2 czenas
|
| 655 |
|
9 |
|a miscellanea
|2 eczenas
|
| 700 |
1 |
|
|a Růžičková, Veronika
|7 ola2006345397
|4 edt
|
| 710 |
2 |
|
|a Univerzita Palackého.
|b Pedagogická fakulta
|7 kn20010709375
|
| 810 |
2 |
|
|a Univerzita Palackého.
|t Sborníky
|0 s
|
| 910 |
2 |
|
|a BOA001
|b 2-1193.957
|
| 990 |
|
|
|a BK
|
| 995 |
|
|
|a 01
|
| 991 |
|
|
|b 200711
|c NOV
|
| 996 |
6 |
|
|b 2610324128
|c 2-1193.957
|l MZK
|r Sklad / do 1 hodiny
|n 13
|p p.v.
|w 000874009
|u 000010
|a 1
|e BOA001
|j MZK50
|s P
|